| 000 | 02192nem a2200529 i 4500 | ||
|---|---|---|---|
| 001 | 35223 | ||
| 003 | KOSZ 005 | ||
| 005 | 20200207120028.0 | ||
| 006 | m d | ||
| 007 | ad canzn | ||
| 008 | 070620s2004 pl e | 1 pol | ||
| 015 | _aBDK 2004/459 | ||
| 020 | _a8388611585 | ||
| 034 | 1 |
_aa _b16000 |
|
| 035 | _a991024768349705066 | ||
| 035 | _a(PL-WaBN)b16756368-48omnis_nlop | ||
| 035 | _ab16756368 | ||
| 035 | _a(OCoLC)838912956 | ||
| 035 | _a(PL)b0000001675636 | ||
| 035 | _a(EXLNZ-48OMNIS_NETWORK)9910291044105606 | ||
| 040 |
_aWA N _cWA N _dKOSZ 005/HR |
||
| 080 | _a912(438) | ||
| 245 | 0 | 0 |
_aPoznań i okolice : _bskala 1:16 000 / _coprac. wydawca MAPY ŚCIENNE BEATA PIĘTKA WYDAWNICTWO KARTOGRAFICZNE ; "nowe opracowanie". |
| 255 | _aSkala 1:16 000. | ||
| 260 |
_aKatowice : _bMAPY ŚCIENNE, Beata Piętka, _c[2004]. |
||
| 300 |
_a1 atlas (s. mapy 2-87, s. indeks 88-100, s. tekst 101-119 ) : _bkolor. ; _c22 cm, skoroszyt. |
||
| 380 | _aMapy | ||
| 388 | _a2001- | ||
| 500 | _aDokument towarzyszący: Polska [Dokument elektroniczny] : atlas drogowy turystyczno-krajoznawczy / [oprac. informatyczne Grzegorz Guździoł ; przygotow. materiałów Danuta Hazuk ; koordynator projektu Łukasz Bula]. Multimedia interakcyjne. Katowice : Mapy Ścienne Beata Piętka, 2001. | ||
| 500 | _aTekst: inform. adresowy, wykaz komunikacji. | ||
| 500 | _aTyt. okł. | ||
| 500 | _aZawiera plany 16 miejscowości i 13 gmin z okolic Poznania. | ||
| 540 | _aCop. MAPY ŚCIENNE, Beata Piętka. | ||
| 546 | _aTreść mapy w jęz. pol., legenda także w jęz. ang. i niem. | ||
| 648 | 7 |
_a2001- _2DBN |
|
| 651 | 7 |
_aPoznań (woj. wielkopolskie ; okolice) _2DBN |
|
| 655 | 7 |
_aPlan miasta _2DBN |
|
| 658 | _aGeografia i nauki o Ziemi | ||
| 658 | _aPodróże i turystyka | ||
| 700 | 1 |
_aBula, Łukasz _eProjekt |
|
| 700 | 1 |
_aGuździoł, Grzegorz _eOpracowanie |
|
| 700 | 1 |
_aHazuk, Danuta _eOpracowanie |
|
| 710 | 2 |
_aWydawnictwo Piętka _eWydawca |
|
| 856 |
_uhttp://koha.tu.koszalin.pl/cgi-bin/koha/opac-detail.pl?biblionumber=35223 _yKatalogonline BPK |
||
| 942 |
_2UKD _cMP |
||
| 999 |
_c35223 _d35223 |
||